| 000 | 004220000a22001690004500 | ||
|---|---|---|---|
| 003 | MACL | ||
| 005 | 20160119124216.0 | ||
| 008 | 160119b xxu||||| |||| 00| 0 eng d | ||
| 040 |
_aMACL _cMACL |
||
| 041 | _aEnglish | ||
| 082 | _a294/KAR | ||
| 100 |
_aKramrisch, Stella _97758 |
||
| 245 | _aThe Hindu Temple | ||
| 260 |
_bUniversity of Calcutta _c1946 _aCalcutta |
||
| 650 |
_aReligion _933126 |
||
| 942 |
_cBK _k294/KAR _2ddc |
||
| 999 |
_c39713 _d39713 |
||